Statistics for Best Electoral College Performances

Click here to take the quiz!

General Stats

  • This quiz has been taken 55 times
  • The average score is 36 of 48

Answer Stats

HintAnswer% Correct
426George H. W. Bush
100%
168George H. W. Bush
100%
286George W. Bush
100%
271George W. Bush
100%
370Bill Clinton
98%
379Bill Clinton
98%
432Franklin Roosevelt
98%
472Franklin Roosevelt
98%
449Franklin Roosevelt
98%
523Franklin Roosevelt
98%
303John F. Kennedy
98%
365Barack Obama
96%
332Barack Obama
96%
232Donald Trump
96%
304Donald Trump
96%
227Hillary Clinton
96%
301Richard Nixon
96%
219Richard Nixon
96%
520Richard Nixon
96%
525Ronald Reagan
96%
489Ronald Reagan
96%
297Jimmy Carter
93%
49Jimmy Carter
93%
442Dwight Eisenhower
91%
457Dwight Eisenhower
91%
486Lyndon Johnson
87%
240Gerald Ford
83%
306Joe Biden
83%
303Harry Truman
80%
59Herbert Hoover
78%
266Al Gore
72%
173John McCain
67%
13Walter Mondale
59%
251John Kerry
57%
206Mitt Romney
57%
111Michael Dukakis
46%
99Thomas Dewey
43%
189Thomas Dewey
43%
89Adlai Stevenson
41%
73Adlai Stevenson
41%
159Bob Dole
41%
17George McGovern
39%
191Hubert Humphrey
39%
52Barry Goldwater
37%
8Alf Landon
30%
46George Wallace
28%
82Wendell Wilkie
26%
39Strom Thurmond
17%

Score Distribution

Percentile by Number Answered

Percent of People with Each Score

Your Score History

You have not taken this quiz